|
|
|
|
| LEADER |
00887cam a2200217 7i4500 |
| 001 |
0000038784 |
| 005 |
20200520090000.0 |
| 008 |
110406 eng |
| 020 |
|
|
|a 9789812307439 (pbk.)
|
| 020 |
|
|
|a 9789812307477 (hbk.)
|
| 090 |
0 |
0 |
|a DS597.2
|b .T28 2008
|
| 100 |
0 |
|
|a Tan, Tai Yong
|
| 245 |
1 |
0 |
|a Creating "Greater Malaysia" :
|b decolonization and the politics of merger
|c Tan Tai Yong.
|
| 260 |
|
|
|a Singapore:
|b Institute of Southeast Asian Studies,
|c 2008.
|
| 300 |
|
|
|a ix, 224 p.:
|b ill., maps;
|c 24 cm.
|
| 500 |
|
|
|a Gift: Zainol Ahmad Resource Center
|
| 650 |
0 |
0 |
|a Decolonization --
|x History --
|z Southeast Asia
|
| 651 |
|
0 |
|a Singapore --
|x Politics and government --
|y 1963-1965
|
| 651 |
|
0 |
|a Malaysia --
|x Politics and government
|
| 999 |
|
|
|a 0000046160
|b BOK
|c OPEN SHELF
|e 1st Floor, Bestari Jaya
|
| 999 |
|
|
|a 0000069239
|b BOK
|c OPEN SHELF
|e 1st Floor, Bestari Jaya
|